Zmarli w 2023 roku - Statystyki

Ogólne statystyki
  • Ten quiz został rozwiązany 4 razy
  • Średni wynik to 3 z 14
Statystyki odpowiedzi
Opis Osoba % Poprawnych
Aktor, znany jako Kramer z "Vabank" Leonard Pietraszak
75%
amerykańska piosenkarka soulowa i rockowa Tina Turner
75%
lekarka, przyjaciółka Jana Pawła II Wanda Półtawska
50%
muzyk zespołu KULT Janusz Grudziński
25%
wokalista rockowy, kompozytor i muzyk Niebiesko-Czarnych Wojciech Korda
25%
polski grafik, malarz Andrzej Dudziński
0%
reżyserka teatralna i telewizyjna oraz senatorka, pochodzi z aktorskiej rodziny Barbara Borys-Damięcka
0%
Aktorka, jej ojciec-polityk- utonął ratując psa Barbara Lityńska
0%
dziennikarz, pisarz, artysta kabaretowy, prezenter radiowy i telewizyjny Janusz Weiss
0%
alpinista, zginął w wieku 38 lat Kacper Tekieli
0%
autor tekstu piosenki "Sen o Warszawie" Marek Gaszyński
0%
Aktor, miał 28 lat Mateusz Murański
0%
Aktor, grał Dumbledore'a Michael Gambon
0%
dziennikarz "Gazety Wyborczej", reporter i pisarz Paweł Smoleński
0%
Nie znaleziono quizów pasujących do podanych kryteriów
Rozkład punktacji
Procent ludzi z każdym wynikiem
Percentyl według liczby udzielonych odpowiedzi
Twoja historia wyników
Nie rozwiązałeś tego quizu